000 00980nam a22002295i 4500
001 156884
003 ES-MaACL
005 20250930063135.0
008 940202s1862 sp |||| | spa d
040 _aCAM
_bspa
080 _a016:091=411.21
100 1 _aLafuente y Alcántara, Emilio,
_d1825-1868
_969545
245 1 0 _aCatálogo de los códices arábigos adquiridos en Tetuán por el gobierno de S.M. /
_cformado por Emilio Lafuente y Alcántara ; e impreso de orden y a expensa del Ministerio de Fomento.
260 _aMadrid :
_b[s.n.],
_c1862 (
_fImprenta Nacional)
300 _a80, VIII, [8] p. ;
_c27 cm.
546 _aÍndices en español y árabe.
597 _aTexto a dos col.
597 _aLas últimas 8 p., están escritas y paginadas en árabe.
650 4 _aManuscritos árabes-
_vBibliografías.
_9145204
852 _aES-MaACL
_jT-175-F-6
_z-- Enc. hol.
_q-- Falto de la cub. original
_z-- Enc. en un vol. facticio
999 _c156884
_d156884